[Event "PRO League Atlantic 2017"]
[Site "chess.com INT"]
[Date "2017.01.25"]
[Round "3"]
[White "Peralta, Fernando"]
[Black "Martinez, Marcel"]
[Result "1-0"]
[WhiteTitle "GM"]
[BlackTitle "FM"]
[WhiteElo "2574"]
[BlackElo "2427"]
[WhiteTeam "Patagonia Penguins"]
[BlackTeam "Miami Champions"]
[WhiteFideId "105309"]
[BlackFideId "2016249"]
[EventDate "2017.01.11"]

1. d4 Nf6 2. c4 g6 3. Nc3 Bg7 4. e4 d6 5. Nf3 O-O 6. h3 e5 7. d5 a5 8. g4 Na6 9.
Be3 Nc5 10. Nd2 Bd7 11. Be2 c6 12. g5 Ne8 13. h4 cxd5 14. cxd5 Rc8 15. h5 a4 16.
a3 b5 17. Rc1 Qa5 18. Kf1 f6 19. hxg6 hxg6 20. gxf6 Nxf6 21. Rh4 Qd8 22. Bg5 Qb6
23. Be3 Qb8 24. Na2 Na6 25. Kg2 Kf7 26. Rxc8 Qxc8 27. Nc3 Nc5 28. Bxb5 Bxb5 29.
Nxb5 Ke7 30. Na7 Qa6 31. Nc6+ Ke8 32. Bxc5 dxc5 33. Nxe5 Nh5 34. Rxh5 gxh5 35.
Qxh5+ Kd8 36. Nc6+ Kc7 37. Qh7 Rf7 38. Qg8 Rd7 39. Qb8# 1-0

[Event "PRO League Atlantic 2017"]
[Site "chess.com INT"]
[Date "2017.02.01"]
[Round "4"]
[White "Stripunsky, Alexander"]
[Black "Sambuev, Bator"]
[Result "1-0"]
[WhiteTitle "GM"]
[BlackTitle "GM"]
[WhiteElo "2536"]
[BlackElo "2539"]
[WhiteTeam "New Jersey Knockouts"]
[BlackTeam "Toronto Dragons"]
[WhiteFideId "2015315"]
[BlackFideId "4128290"]
[EventDate "2017.01.11"]

1. e4 e5 2. Nf3 d6 3. d4 Nf6 4. Nc3 Nbd7 5. Bc4 Be7 6. O-O O-O 7. a4 a5 8. Re1
c6 9. h3 Re8 10. Ba2 h6 11. Be3 Qc7 12. dxe5 Nxe5 13. Nxe5 dxe5 14. Qf3 Bd8 15.
Ne2 Be6 16. Ng3 Bxa2 17. Rxa2 Re6 18. Ra3 Be7 19. Rd3 Rd8 20. Red1 Rxd3 21. Rxd3
Bf8 22. Nf5 h5 23. Bg5 g6 24. Ne3 Nd7 25. b3 Rd6 26. Nc4 Rxd3 27. Qxd3 f6 28.
Bd2 b6 29. g4 hxg4 30. hxg4 Nc5 31. Qf3 Be7 32. Be3 b5 33. Nb2 Ne6 34. g5 fxg5
35. Nd3 Nf4 36. Bxf4 gxf4 37. Qg4 Kf7 38. Qh3 Bf8 39. Kg2 bxa4 40. bxa4 Qd6 41.
Qc8 Be7 42. Qxc6 g5 43. Qxd6 Bxd6 44. Kf3 Ke6 45. Nb2 Bc5 46. Nd3 Bd4 47. Kg4
Kf6 48. f3 Kg6 49. Nc1 Kf6 50. Nb3 Bb6 51. c4 Bd8 52. c5 Ke6 53. Nd2 Kd7 54. Kf5
Kc6 55. Nb3 Be7 56. Kxe5 g4 57. Kxf4 gxf3 58. Kxf3 Kd7 59. e5 Ke6 60. Ke4 Bf8
61. Nd4+ Kd7 62. Kd5 Be7 63. Nc6 Bf8 64. Nxa5 1-0

[Event "PRO League Atlantic 2017"]
[Site "chess.com INT"]
[Date "2017.02.01"]
[Round "4"]
[White "Matros, Alexander"]
[Black "Kleinman, Michael"]
[Result "0-1"]
[WhiteTitle "IM"]
[BlackTitle "FM"]
[WhiteElo "2442"]
[BlackElo "2289"]
[WhiteTeam "Carolina Cobras"]
[BlackTeam "Montreal ChessBrahs"]
[WhiteFideId "13700251"]
[BlackFideId "2609479"]
[EventDate "2017.01.11"]

1. e4 e6 2. d4 d5 3. Nc3 Bb4 4. e5 Ne7 5. Bd2 Bxc3 6. Bxc3 b6 7. Qg4 Ng6 8. h4
h5 9. Qg3 Ba6 10. Bxa6 Nxa6 11. Nf3 Qd7 12. Ng5 Ne7 13. Qd3 Nb8 14. Bb4 Nbc6 15.
Bxe7 Nxe7 16. O-O-O Rc8 17. Kb1 c5 18. dxc5 bxc5 19. c4 Qc7 20. Qf3 Nf5 21. cxd5
Nd4 22. Qe4 exd5 23. Qxd5 O-O 24. Qe4 g6 25. Rhe1 Kg7 26. Rc1 Qb6 27. Qd3 Rb8
28. Qc3 Rfc8 29. e6 f6 30. Nf3 Nb5 31. Qd2 c4 32. Ka1 c3 33. bxc3 Na3 34. e7 Re8
35. Nd4 Kf7 36. Qe2 Rb7 37. Qe6+ Qxe6 38. Rxe6 Rexe7 39. Rxe7+ Kxe7 40. Nb3 Nc4
41. Rd1 Rc7 42. Kb1 a5 43. Kc2 Na3+ 44. Kd3 Nb5 45. c4 Rd7+ 46. Kc2 Na3+ 47. Kc1
Nxc4 48. Re1+ Kf7 49. Kc2 a4 50. Nc1 Rc7 51. Kd3 Ne5+ 52. Kd2 Rb7 53. Kc3 Rc7+
54. Kb4 Rxc1 55. Re3 Rc2 56. f4 Nc6+ 57. Kxa4 Rxa2+ 58. Kb5 Nd4+ 59. Kc4 Nf5 60.
Rb3 Ra4+ 61. Kd5 Rxf4 62. g3 Rd4+ 63. Kc5 Rd7 64. Rf3 Ne7 65. Kc4 Rd5 66. Ra3
Rf5 67. Kd4 Re5 68. Rb3 Ke6 69. Rb6+ Kf5 70. Rb3 Kg4 71. Rb6 Nf5+ 72. Kd3 Nxg3
73. Rxf6 g5 74. hxg5 Kxg5 75. Rf8 h4 76. Rh8 Kg4 0-1

[Event "PRO League Atlantic 2017"]
[Site "chess.com INT"]
[Date "2017.02.01"]
[Round "4"]
[White "Cheng, Bindi"]
[Black "Stripunsky, Alexander"]
[Result "1-0"]
[WhiteTitle "IM"]
[BlackTitle "GM"]
[WhiteElo "2397"]
[BlackElo "2536"]
[WhiteTeam "Toronto Dragons"]
[BlackTeam "New Jersey Knockouts"]
[WhiteFideId "2682249"]
[BlackFideId "2015315"]
[EventDate "2017.01.11"]

1. Nf3 d5 2. g3 Nc6 3. c4 dxc4 4. Qa4 Bd7 5. Qxc4 e5 6. Nc3 Bd6 7. Bg2 Nge7 8.
O-O O-O 9. d3 h6 10. Ne4 Be6 11. Qa4 f5 12. Nc3 Qd7 13. a3 a6 14. b4 b5 15. Qd1
Rab8 16. Rb1 Nd4 17. Be3 Nxf3+ 18. Bxf3 c6 19. Qc2 Rbc8 20. Qb2 Nd5 21. Bd2 Nf6
22. Ra1 c5 23. Rac1 c4 24. Rfd1 cxd3 25. exd3 Qf7 26. Ne2 e4 27. Bg2 exd3 28.
Nf4 Bc4 29. Be3 Bxf4 30. Bxf4 Rfe8 31. Bf1 Rcd8 32. a4 Kh8 33. axb5 axb5 34. Ra1
Rd7 35. Ra6 Kh7 36. h4 Re2 37. Bxe2 dxe2 38. Re1 Rd1 39. Ra1 Qd5 40. Qc2 Rxa1
41. Rxa1 Bd3 42. Qc5 Qb3 43. Re1 Ng4 44. Bd2 Be4 45. Bc3 Qc2 46. Qd4 Nf6 47. Qd2
Qxd2 48. Bxd2 Bd3 49. f3 Nd7 50. Kf2 Ne5 51. Bc3 Nc4 52. Ra1 g5 53. h5 g4 54.
Ra8 1-0

[Event "PRO League Atlantic 2017"]
[Site "chess.com INT"]
[Date "2017.02.01"]
[Round "4"]
[White "Katz, Alexander R"]
[Black "Szabo, Gergely-Andras-Gyula"]
[Result "1/2-1/2"]
[WhiteTitle "IM"]
[BlackTitle "GM"]
[WhiteElo "2335"]
[BlackElo "2549"]
[WhiteTeam "New Jersey Knockouts"]
[BlackTeam "Toronto Dragons"]
[WhiteFideId "2039796"]
[BlackFideId "1205064"]
[EventDate "2017.01.11"]

1. e4 d5 2. exd5 Qxd5 3. Nc3 Qd8 4. d4 Nf6 5. Nf3 Bg4 6. h3 Bxf3 7. Qxf3 c6 8.
Be3 e6 9. Bd3 Nbd7 10. O-O Bd6 11. Rad1 O-O 12. Bg5 h6 13. Bh4 Re8 14. Rfe1 Qc7
15. Ne4 Nxe4 16. Qxe4 Nf8 17. Qg4 Be7 18. Bg3 Bd6 19. Bh4 f5 20. Qh5 Qf7 21.
Qxf7+ Kxf7 22. f3 Ng6 23. Bf2 Nf4 24. Bc4 Rad8 25. c3 b5 26. Bb3 Nd5 27. g3 Rb8
28. Kg2 a5 29. a3 a4 30. Ba2 Nb6 31. Re2 Nc4 32. Rde1 Re7 33. h4 g6 34. Be3 Kg7
35. Bc1 Rbe8 36. Bb1 c5 37. dxc5 Bxc5 38. Ba2 e5 39. Rd1 e4 40. Bxc4 bxc4 41.
fxe4 Rxe4 42. Rxe4 fxe4 43. Rd5 Bb6 44. Rd6 Bc5 45. Rc6 Re5 46. Bf4 Rd5 47. Re6
e3 48. Kf3 Rd2 49. Bxe3 Bxe3 50. Kxe3 Rxb2 51. Kd4 Rb3 52. Kxc4 Rxa3 53. Ra6 Ra1 1/2-1/2

[Event "PRO League Atlantic 2017"]
[Site "chess.com INT"]
[Date "2017.02.01"]
[Round "4"]
[White "Shen, Christopher Y"]
[Black "Paikidze, Nazi"]
[Result "1/2-1/2"]
[WhiteTitle "CM"]
[BlackTitle "IM"]
[WhiteElo "2165"]
[BlackElo "2369"]
[WhiteTeam "Columbus Cardinals"]
[BlackTeam "Miami Champions"]
[WhiteFideId "2090635"]
[BlackFideId "13603620"]
[EventDate "2017.01.11"]

1. c4 Nf6 2. g3 e6 3. Bg2 d5 4. Nf3 Be7 5. O-O O-O 6. d4 dxc4 7. Ne5 Nc6 8. Nxc6
bxc6 9. Bxc6 Rb8 10. Bg2 Bb7 11. Nc3 Bxg2 12. Kxg2 c5 13. dxc5 Bxc5 14. Qxd8
Rfxd8 15. Rb1 Bd4 16. Bf4 e5 17. Bg5 Rb6 18. e3 Bxc3 19. bxc3 Rdb8 20. Rxb6 Rxb6
21. Rd1 h6 22. Bxf6 gxf6 23. Rd2 Rb1 24. Rc2 Rd1 25. Rb2 Rc1 26. Rb7 a5 27. Ra7
Rxc3 28. Rxa5 e4 29. a4 Ra3 30. Ra8+ Kg7 31. a5 c3 32. Rc8 f5 33. a6 Rxa6 34.
Rxc3 1/2-1/2

[Event "PRO League Atlantic 2017"]
[Site "chess.com INT"]
[Date "2017.02.01"]
[Round "4"]
[White "Dragun, Kamil"]
[Black "Lenderman, Aleksandr"]
[Result "1/2-1/2"]
[WhiteTitle "GM"]
[BlackTitle "GM"]
[WhiteElo "2614"]
[BlackElo "2573"]
[WhiteTeam "Rio Grande Ospreys"]
[BlackTeam "Montclair Sopranos"]
[WhiteFideId "1134167"]
[BlackFideId "2021285"]
[EventDate "2017.01.11"]

1. d4 Nf6 2. c4 e6 3. Nf3 d5 4. Nc3 c6 5. cxd5 exd5 6. Bg5 h6 7. Bxf6 Qxf6 8. g3
Qd8 9. Bg2 Be7 10. Qc2 O-O 11. O-O Nd7 12. e4 dxe4 13. Nxe4 Nf6 14. Nc3 Re8 15.
Rfe1 Bd6 16. Qb3 Rxe1+ 17. Rxe1 Qb6 18. Qc2 Bg4 19. Na4 Qa5 20. Nc3 Bf5 21. Qd2
Rd8 22. Re2 Qc7 23. Qe1 Qc8 24. Ne5 Be6 25. a3 Bc7 26. Nf3 Bb6 27. Rd2 Bb3 28.
Qe3 Qe6 29. Qxe6 Bxe6 30. Na4 Bc7 31. Nc5 Bc8 32. b4 Kf8 33. h3 Nd5 34. Bf1 Ne7
35. Kg2 Nf5 36. Bc4 Ne7 37. Bb3 a5 38. Nd3 axb4 39. Nxb4 Ba5 40. Re2 Bxb4 41.
axb4 Nd5 42. Bxd5 Rxd5 43. Re5 Be6 44. Rxd5 Bxd5 45. g4 Ke7 46. Kg3 Kd6 47. Nd2
g5 48. h4 f6 49. f4 b6 50. hxg5 hxg5 51. f5 c5 52. dxc5+ bxc5 53. bxc5+ Kxc5 54.
Kf2 Kd4 55. Nf1 Bb3 56. Ng3 Bd1 57. Nh5 Ke5 58. Kg3 Bb3 59. Kf3 Bd5+ 60. Ke3 Bb3
61. Kf3 Bf7 62. Ng3 Bb3 63. Nh5 Bd1+ 64. Kg3 Bb3 65. Kf3 Bd5+ 66. Ke3 Bb3 67.
Kf3 1/2-1/2

[Event "PRO League Atlantic 2017"]
[Site "chess.com INT"]
[Date "2017.02.01"]
[Round "4"]
[White "Moradiabadi, Elshan"]
[Black "Villanueva, Mario"]
[Result "0-1"]
[WhiteTitle "GM"]
[BlackTitle "IM"]
[WhiteElo "2574"]
[BlackElo "2425"]
[WhiteTeam "Atlanta Kings"]
[BlackTeam "Buenos Aires Krakens"]
[WhiteFideId "12501255"]
[BlackFideId "113433"]
[EventDate "2017.01.11"]

1. e4 e5 2. Nf3 Nf6 3. Nc3 Nc6 4. Bb5 Nd4 5. Bc4 Bc5 6. d3 d6 7. h3 O-O 8. Bg5
c6 9. O-O b5 10. Bb3 a5 11. a4 Nxb3 12. cxb3 b4 13. Ne2 h6 14. Bh4 Re8 15. Rc1
Qe7 16. Qd2 Qe6 17. Ng3 Nh7 18. Nf5 Qg6 19. g4 h5 20. Kh2 hxg4 21. hxg4 Nf6 22.
Rg1 Nxg4+ 23. Rxg4 Qxg4 24. Nh6+ gxh6 25. Rg1 Kh7 26. Rxg4 Bxg4 27. Ng1 Re6 28.
Ne2 Rg8 29. Bg3 h5 30. d4 exd4 31. Nxd4 h4 32. Bf4 Rxe4 33. Nxc6 Bf3 34. Qd3
Rg2+ 35. Kh3 Rxf2 36. Kxh4 Bh1 37. Kg5 Rxf4 38. Ne7 f6+ 0-1

[Event "PRO League Atlantic 2017"]
[Site "chess.com INT"]
[Date "2017.02.01"]
[Round "4"]
[White "Vazquez, Guillermo"]
[Black "Rozman, Levy"]
[Result "1/2-1/2"]
[WhiteTitle "IM"]
[BlackTitle "FM"]
[WhiteElo "2437"]
[BlackElo "2404"]
[WhiteTeam "Rio Grande Ospreys"]
[BlackTeam "Montclair Sopranos"]
[WhiteFideId "3702308"]
[BlackFideId "2039877"]
[EventDate "2017.01.11"]

1. d4 e6 2. e4 d5 3. Nd2 c5 4. Ngf3 cxd4 5. Nxd4 Nc6 6. Bb5 Bd7 7. Nxc6 bxc6 8.
Bd3 Qc7 9. O-O Bd6 10. Qh5 Ne7 11. f4 Qb6+ 12. Kh1 g6 13. Qh6 O-O-O 14. Qh4 h6
15. e5 g5 16. Qh5 Bc7 17. Qe2 c5 18. c3 Rdg8 19. Nf3 g4 20. Nd2 h5 21. b4 c4 22.
Bc2 h4 23. Qf2 Qxf2 24. Rxf2 g3 25. Re2 h3 26. Nf3 gxh2 27. Ng5 Bc6 28. Kxh2
hxg2+ 29. Kxg2 d4+ 30. Be4 d3 31. Re1 Bd5 32. Bd2 Nf5 33. Bxd5 exd5 34. Rh1 Rxh1
35. Rxh1 Bd8 36. Kf3 Bxg5 37. fxg5 Kd7 38. Kg4 Ke6 39. Rf1 Ne7 40. Rf6+ Kxe5 41.
Rxf7 Ng6 42. Rxa7 Ke4 43. Ra6 Ne5+ 44. Kg3 d4 45. cxd4 Kxd4 46. Rd6+ Ke4 47. b5
Rc8 48. Bc3 Rc5 49. Re6 Kf5 50. Rb6 Kxg5 51. a4 Kf5 52. a5 Rd5 53. a6 d2 54.
Bxd2 Rd3+ 55. Kf2 Rxd2+ 56. Ke3 Rd3+ 57. Ke2 Ra3 58. Rb7 Ra2+ 59. Ke3 c3 60. Rc7
c2 61. Kd2 Nf3+ 62. Kd3 Ne5+ 63. Kd2 Nf3+ 64. Kd3 Ne5+ 65. Kd4 Ra4+ 66. Kd5 Rb4
67. a7 Rxb5+ 68. Kd4 Ra5 69. Ke3 Ra2 70. Kd2 Nf3+ 71. Kd3 Ne5+ 72. Kd2 Ke6 73.
Rxc2 Rxa7 74. Rc5 Ra2+ 75. Ke3 Ra3+ 76. Ke4 Ra4+ 77. Ke3 Kd6 78. Rc8 Nd7 79. Rd8
Ke6 80. Re8+ Kf5 81. Rd8 Ne5 82. Rf8+ Ke6 83. Re8+ Kd6 84. Rd8+ Ke7 85. Rh8 Ng6
86. Rh7+ Kf6 87. Rb7 Ra3+ 88. Ke4 Ra6 89. Rb5 Re6+ 90. Kf3 Ne5+ 91. Kf4 Nd3+ 92.
Kf3 Ne1+ 93. Kf4 Nc2 94. Ra5 Nd4 95. Kg4 Re4+ 96. Kg3 Nf5+ 97. Kf3 Rb4 98. Rc5
Kg5 99. Rc8 Rf4+ 100. Ke2 Re4+ 101. Kd3 Re3+ 102. Kd2 Kf4 103. Rc4+ Kf3 104. Rc8
Re2+ 105. Kd3 Re3+ 106. Kd2 Re5 107. Kd3 Rd5+ 108. Kc3 Nd6 109. Rf8+ Ke3 110.
Rh8 Rd3+ 111. Kb4 Rd4+ 112. Kc5 Ne4+ 113. Kc6 Kd3 114. Rh3+ Kc4 115. Rh5 Nf6
116. Rc5+ Kb4 117. Rb5+ Ka4 118. Rf5 Ne4 119. Rh5 Rc4+ 120. Kb6 Nc3 121. Ra5+
Kb4 122. Rh5 Na4+ 123. Ka6 Rc6+ 124. Kb7 1/2-1/2

[Event "PRO League Atlantic 2017"]
[Site "chess.com INT"]
[Date "2017.02.01"]
[Round "4"]
[White "Zapata, Alonso"]
[Black "Villanueva, Mario"]
[Result "1/2-1/2"]
[WhiteTitle "GM"]
[BlackTitle "IM"]
[WhiteElo "2418"]
[BlackElo "2425"]
[WhiteTeam "Atlanta Kings"]
[BlackTeam "Buenos Aires Krakens"]
[WhiteFideId "4400011"]
[BlackFideId "113433"]
[EventDate "2017.01.11"]

1. e4 e5 2. Nf3 Nf6 3. d4 Nxe4 4. Bd3 Nc6 5. dxe5 Nc5 6. Bb5 a6 7. Bxc6 dxc6 8.
Qxd8+ Kxd8 9. Nc3 h6 10. Be3 Bg4 11. Nd4 Ne6 12. f3 Nxd4 13. O-O-O Be6 14. Rxd4+
Kc8 15. Rhd1 Bc5 16. R4d3 Be7 17. b3 Rd8 18. Rxd8+ Bxd8 19. Ne2 b6 20. Nd4 Bd7
21. c4 c5 22. Ne2 f6 23. Bf4 g5 24. Bg3 f5 25. Nc3 f4 26. Bf2 Ra7 27. a4 Rb7 28.
Nd5 Be6 29. a5 bxa5 30. Kc2 a4 31. bxa4 c6 32. Nc3 Bxc4 33. Rd6 Bb3+ 34. Kd2 Rd7
35. Bxc5 Bc7 36. Ne4 Bxd6 37. Bxd6 Bxa4 38. Nc5 Bb5 39. Nxd7 Kxd7 40. Bf8 h5 41.
Bh6 Ke6 42. Bxg5 Kxe5 43. g3 fxg3 44. hxg3 a5 45. Kc3 Be2 46. f4+ Ke4 47. Be7
Ba6 48. Bd8 Kf3 49. f5 Bc8 50. f6 Be6 51. Bc7 c5 52. Bd6 a4 53. Bxc5 Kxg3 54.
Bd6+ Kg2 55. Kb2 h4 56. Be5 h3 57. Bd6 h2 58. Bxh2 Kxh2 59. f7 a3+ 60. Kxa3 Bxf7 1/2-1/2

[Event "PRO League Atlantic 2017"]
[Site "chess.com INT"]
[Date "2017.02.01"]
[Round "4"]
[White "Oussedik, Elias"]
[Black "Balleisen, Aaron S"]
[Result "1-0"]
[WhiteElo "2155"]
[BlackElo "2127"]
[WhiteTeam "Montreal ChessBrahs"]
[BlackTeam "Carolina Cobras"]
[WhiteFideId "2605341"]
[BlackFideId "2087073"]
[EventDate "2017.01.11"]

1. c4 b6 2. Nc3 Bb7 3. d4 e6 4. e4 Bb4 5. Bd3 f5 6. d5 fxe4 7. Bxe4 Nf6 8. Bf3
O-O 9. Ne2 Na6 10. O-O Qe8 11. a3 Bxc3 12. Nxc3 e5 13. Re1 d6 14. b4 Qg6 15. Ne4
Rae8 16. Bb2 Nb8 17. c5 Nxe4 18. Bxe4 Qf7 19. Qc2 g6 20. c6 Bc8 21. b5 Bf5 22.
Rad1 Bxe4 23. Rxe4 Qf5 24. f4 a6 25. a4 Rf6 26. Rde1 Ref8 27. h3 h5 28. fxe5
dxe5 29. Bxe5 R6f7 30. Qd2 axb5 31. Ba1 bxa4 32. Qc3 Kh7 33. Re8 Qf2+ 34. Kh1
Rxe8 35. Rxe8 Qf1+ 36. Kh2 Qf4+ 37. Kh1 Qf1+ 38. Kh2 Qf4+ 39. Qg3 Qxg3+ 40. Kxg3
g5 41. Rxb8 Rf5 42. Rd8 b5 43. d6 cxd6 44. c7 Rc5 45. c8=Q Rxc8 46. Rxc8 Kg6 47.
Rb8 Kf5 48. Rxb5+ Ke4 49. Rxg5 d5 50. Rxh5 d4 51. Bxd4 Kd3 52. Rh4 a3 53. Ba1 a2
54. Ra4 Kc2 55. Rxa2+ Kb1 56. h4 Kc1 57. h5 Kb1 58. h6 Kc1 59. h7 Kb1 60. h8=Q
Kc1 61. Qb2+ Kd1 62. Qd2# 1-0

[Event "PRO League Atlantic 2017"]
[Site "chess.com INT"]
[Date "2017.02.01"]
[Round "4"]
[White "Biag, Ivan Gil"]
[Black "Mavrich, Demian"]
[Result "1-0"]
[WhiteTitle "FM"]
[WhiteElo "2337"]
[BlackElo "2270"]
[WhiteTeam "New York Knights"]
[BlackTeam "Patagonia Penguins"]
[WhiteFideId "5201624"]
[BlackFideId "117536"]
[EventDate "2017.01.11"]

1. d4 c5 2. d5 e5 3. e4 d6 4. Nc3 g6 5. h4 Bg7 6. h5 g5 7. Bb5+ Nd7 8. a4 h6 9.
Nf3 Nf6 10. Nd2 O-O 11. Bd3 a5 12. Nc4 Nb6 13. Ne3 Qe7 14. b3 Bd7 15. f3 Rfc8
16. Bb5 Bxb5 17. Nxb5 Ne8 18. Nf5 Qf6 19. Be3 Bf8 20. c4 Ng7 21. Ng3 Nd7 22. Ra2
Nb8 23. Rf2 Na6 24. Qd2 Nb4 25. Nf1 Qd8 26. Ng3 b6 27. Nc3 Rab8 28. Nf5 f6 29.
Nxh6+ 1-0

[Event "PRO League Atlantic 2017"]
[Site "chess.com INT"]
[Date "2017.02.01"]
[Round "4"]
[White "Biag, Ivan Gil"]
[Black "Hungaski, Robert Andrew"]
[Result "1-0"]
[WhiteTitle "FM"]
[BlackTitle "GM"]
[WhiteElo "2337"]
[BlackElo "2488"]
[WhiteTeam "New York Knights"]
[BlackTeam "Patagonia Penguins"]
[WhiteFideId "5201624"]
[BlackFideId "2021030"]
[EventDate "2017.01.11"]

1. d4 f5 2. c4 Nf6 3. Nc3 d6 4. Nf3 g6 5. g3 Bg7 6. Bg2 O-O 7. O-O Qe8 8. d5 Na6
9. Rb1 Nc5 10. Nd4 Bd7 11. b3 c6 12. Bb2 Rc8 13. Rc1 g5 14. dxc6 bxc6 15. b4
Nce4 16. Nxe4 fxe4 17. f3 Rb8 18. Qd2 Qh5 19. fxe4 a5 20. b5 Ng4 21. h3 Ne5 22.
Nf5 Bxf5 23. exf5 g4 24. h4 cxb5 25. Qd5+ Kh8 26. cxb5 Nf3+ 27. exf3 Bxb2 28.
Rce1 Rxf5 29. Qe4 Re5 30. Qxg4 Qxg4 31. fxg4 Rbxb5 32. g5 Rxe1 33. Rxe1 Be5 34.
g4 Kg7 35. Rf1 Rb4 36. Bf3 Bg3 37. h5 Bh4 38. Rd1 Bxg5 39. Rd5 Be3+ 40. Kg2 Rb2+
41. Kg3 Rxa2 42. g5 Ra4 43. Rf5 Bd4 44. Bd5 Be5+ 45. Kf3 Ra3+ 46. Ke4 Ra4+ 47.
Kf3 Ra3+ 48. Ke2 h6 49. Rf7+ Kh8 50. Rf8+ Kh7 51. Rf7+ Kh8 52. g6 Bg7 53. Rxe7
Be5 54. Rh7# 1-0

[Event "PRO League Atlantic 2017"]
[Site "chess.com INT"]
[Date "2017.02.01"]
[Round "4"]
[White "Ruiz Castillo, Joshua Daniel"]
[Black "Molner, Mackenzie"]
[Result "1-0"]
[WhiteTitle "IM"]
[BlackTitle "GM"]
[WhiteElo "2331"]
[BlackElo "2450"]
[WhiteTeam "Rio Grande Ospreys"]
[BlackTeam "Montclair Sopranos"]
[WhiteFideId "4400704"]
[BlackFideId "2021722"]
[EventDate "2017.01.11"]

1. e4 c5 2. Nf3 d6 3. d4 cxd4 4. Nxd4 Nf6 5. Nc3 a6 6. Bg5 Nbd7 7. Bc4 Qb6 8.
Bb3 e6 9. Qd2 Be7 10. O-O-O Nc5 11. Rhe1 Qc7 12. f4 h6 13. e5 dxe5 14. fxe5 hxg5
15. exf6 Bxf6 16. Nd5 Qd8 17. Nf5 O-O 18. Nxf6+ Qxf6 19. Ne3 Bd7 20. Rf1 Qe7 21.
Rde1 Bc6 22. Qc3 Ne4 23. Qa5 Qc5 24. Qxc5 Nxc5 25. g3 f6 26. Bc4 b5 27. Be2 Rac8
28. Kb1 Ne4 29. Rd1 Rfd8 30. Kc1 Kf7 31. Ng4 Ke7 32. Rde1 Bd5 33. a3 Bb7 34. Ne3
Rd7 35. Bg4 Rd6 36. c3 g6 37. Nc2 f5 38. Bf3 g4 39. Be2 Nd2 40. Rf2 Nb3+ 41. Kb1
Rd2 42. Ne3 Be4+ 43. Ka2 Nc5 44. Nf1 Rd6 45. Ne3 Rcd8 46. c4 Rd2 47. Nf1 Rc2 48.
Ne3 Rcd2 49. Nf1 Rc2 50. Ne3 Nd3 51. Nxc2 Nxf2 52. Ne3 bxc4 53. Bxc4 Kf6 54.
Bxa6 Rd2 55. Nf1 Rd6 56. Bc4 e5 57. b4 Nd1 58. Kb3 1-0

[Event "PRO League Atlantic 2017"]
[Site "chess.com INT"]
[Date "2017.02.01"]
[Round "4"]
[White "Hungaski, Robert Andrew"]
[Black "Barbosa, Oliver"]
[Result "0-1"]
[WhiteTitle "GM"]
[BlackTitle "GM"]
[WhiteElo "2488"]
[BlackElo "2518"]
[WhiteTeam "Patagonia Penguins"]
[BlackTeam "New York Knights"]
[WhiteFideId "2021030"]
[BlackFideId "5201640"]
[EventDate "2017.01.11"]

1. Nf3 d5 2. d4 Nf6 3. c4 c6 4. Nc3 dxc4 5. a4 e6 6. e3 c5 7. Bxc4 Nc6 8. O-O
cxd4 9. exd4 Be7 10. Be3 O-O 11. Qe2 Nb4 12. a5 Bd7 13. Ne5 Rc8 14. a6 bxa6 15.
Bxa6 Rb8 16. Bc4 a5 17. Nxd7 Nxd7 18. d5 exd5 19. Nxd5 Nxd5 20. Bxd5 Bf6 21. Ra2
Qc7 22. b3 Rfe8 23. Qc4 Qxc4 24. bxc4 Bc3 25. Rc1 Bb4 26. Bc6 Red8 27. Bf4 Rbc8
28. Bb7 Rc5 29. Bd6 Rf5 30. Bxb4 axb4 31. Rd2 Rc5 32. Ba6 Kf8 33. Bb5 b3 34. f4
b2 35. Rcd1 Rb8 36. Rxb2 Nf6 37. Re2 h6 38. g3 g5 39. Kg2 gxf4 40. gxf4 Ra8 41.
Rdd2 Ra3 42. Re5 Rc7 43. h3 Rc3 44. Kh2 Rf3 45. Rf5 Ne4 46. Rg2 Rc5 47. Re5 Rxe5
48. fxe5 Ng5 49. h4 Rh3+ 50. Kg1 Rxh4 51. Re2 Ke7 52. Kg2 Ne6 53. Kg3 Rd4 54.
Rh2 Rd3+ 55. Kg4 Rd4+ 56. Kg3 Ng7 57. Kf3 h5 58. Ke3 Nf5+ 59. Kf3 h4 60. Bc6
Rxc4 61. Be4 Nd4+ 62. Ke3 Rb4 63. Kd3 h3 64. Bd5 Ne6 65. Bxe6 Kxe6 66. Ke3 Kxe5
67. Kf3 Rb3+ 68. Kg4 f5+ 69. Kh4 Ke4 70. Rf2 f4 71. Kg4 Rg3+ 72. Kh4 Ke3 73. Rf1
h2 74. Rh1 Rg8 75. Kh3 Kf3 76. Kxh2 Rh8+ 77. Kg1 Rxh1+ 78. Kxh1 Ke2 0-1

[Event "PRO League Atlantic 2017"]
[Site "chess.com INT"]
[Date "2017.02.01"]
[Round "4"]
[White "Hungaski, Robert Andrew"]
[Black "Paragua, Mark"]
[Result "1-0"]
[WhiteTitle "GM"]
[BlackTitle "GM"]
[WhiteElo "2488"]
[BlackElo "2492"]
[WhiteTeam "Patagonia Penguins"]
[BlackTeam "New York Knights"]
[WhiteFideId "2021030"]
[BlackFideId "5201241"]
[EventDate "2017.01.11"]

1. Nf3 Nf6 2. c4 g6 3. Nc3 Bg7 4. e4 d6 5. d4 O-O 6. Be2 e5 7. d5 a5 8. Bg5 Na6
9. Nd2 Nc5 10. b3 c6 11. Rb1 Bd7 12. a3 cxd5 13. cxd5 Rc8 14. Rc1 h6 15. Be3 Nh5
16. b4 axb4 17. axb4 Na6 18. Bxh5 gxh5 19. Qb3 f5 20. exf5 Bxf5 21. O-O Qh4 22.
Nb5 Qxb4 23. Qxb4 Nxb4 24. Rxc8 Bxc8 25. Nc7 Rf7 26. Bb6 Bf5 27. f3 Bf6 28. Nc4
Bd3 29. Nxd6 Rxc7 30. Bxc7 Bxf1 31. Kxf1 Nxd5 32. Bb8 b6 33. g3 h4 34. Ke2 hxg3
35. hxg3 Kf8 36. Kd3 Ke7 37. Nf5+ Kd7 38. Nxh6 b5 39. Ng4 Ke6 40. Nf2 Be7 41.
Ba7 Nb4+ 42. Ke4 Nd5 43. Kd3 b4 44. Kc4 Ne3+ 45. Kd3 Nf5 46. Ne4 Ng7 47. Kc4 Nf5
48. g4 Nh4 49. Nd2 Ng2 50. Bf2 Nf4 51. Be3 Nd5 52. Bh6 Nb6+ 53. Kd3 Kd5 54. Ne4
Na4 55. g5 b3 56. g6 Ke6 57. Nd2 b2 58. Kc2 Kf6 59. g7 Kf7 60. Ne4 Nb6 61. Kxb2
Nd5 62. Ng3 1-0

[Event "PRO League Atlantic 2017"]
[Site "chess.com INT"]
[Date "2017.02.01"]
[Round "4"]
[White "Sambuev, Bator"]
[Black "Fishbein, Alexander"]
[Result "1-0"]
[WhiteTitle "GM"]
[BlackTitle "GM"]
[WhiteElo "2539"]
[BlackElo "2481"]
[WhiteTeam "Toronto Dragons"]
[BlackTeam "New Jersey Knockouts"]
[WhiteFideId "4128290"]
[BlackFideId "2000377"]
[EventDate "2017.01.11"]

1. d4 Nf6 2. Nf3 g6 3. Bg5 Bg7 4. Nbd2 O-O 5. e4 d6 6. c3 Nbd7 7. Be2 h6 8. Bh4
Nh5 9. O-O g5 10. Bg3 Nxg3 11. hxg3 e6 12. Qb3 c5 13. dxc5 Nxc5 14. Qc2 Qf6 15.
Rfd1 Bd7 16. Nc4 Ba4 17. b3 Bc6 18. Nxd6 Qxc3 19. Qxc3 Bxc3 20. Rac1 Bb4 21. Rc4
a5 22. Ne5 Rad8 23. Nxc6 bxc6 24. e5 f6 25. exf6 Rxf6 26. f4 gxf4 27. gxf4 Kf8
28. g3 Ke7 29. Ne4 Nxe4 30. Rxe4 Rd5 31. Kg2 Rf8 32. Rh1 Rf6 33. Rc1 Kd6 34. Rc2
c5 35. Bc4 Rd4 36. Re5 Rd2+ 37. Rxd2+ Bxd2 38. Kf3 Bc3 39. Rh5 Rg6 40. Bd3 Rf6
41. Ke3 Be1 42. Rh3 Bc3 43. g4 Bb2 44. Rh1 Bd4+ 45. Ke4 Rg6 46. Be2 Bb2 47. Rd1+
Bd4 48. a3 Ke7 49. b4 axb4 50. axb4 Rg8 51. Rh1 Rh8 52. Rh3 Rb8 53. b5 Bg7 54.
Ra3 Rb7 55. Ra6 Rd7 56. Kf3 Rd6 57. Ra7+ Rd7 58. b6 Kd6 59. Bb5 1-0